Star Wars - Every Sith Ever - Statistics

General Stats
  • This quiz has been taken 651 times
  • The average score is 8 of 33
Answer Stats
Answer % Correct
Darth Vader
96%
Darth Sidious
93%
Darth Maul
91%
Darth Tyranus
86%
Darth Bane
69%
Darth Plagueis
58%
Kylo Ren
54%
Revan
49%
Asajj Ventress
47%
Savage Opress
40%
Snoke
38%
The Grand Inquisitor
17%
The Son
9%
Barriss Offee
8%
Fifth Brother
8%
Darth Krayt
7%
Darth Talon
7%
Mother Talzin
6%
Pong Krell
6%
Quinlan Vos
6%
Eighth Brother
5%
Sixth Brother
4%
Mara Jade
3%
Seventh Brother
3%
Lumiya
2%
Charal
1%
Daka
1%
Ezra Bridger
1%
Karis
1%
Naa'leth
1%
Talia
1%
Joruus C'Baoth
0%
Shelish
0%
No matching quizzes found
Score Distribution
Percent of People with Each Score
Percentile by Number Answered
Your Score History
You have not taken this quiz